| 000 | 00441nam a22001577a 4500 | ||
|---|---|---|---|
| 999 |
_c17587 _d17587 |
||
| 003 | OSt | ||
| 005 | 20221109154652.0 | ||
| 008 | 221108b ||||| |||| 00| 0 eng d | ||
| 040 | _c0 | ||
| 100 |
_aCamus, Miguel R. _946724 |
||
| 245 | _aPanglao dive resort expected to lure Dennis Uy, Filinvest, et al / | ||
| 260 |
_aPhilippines; _cJanuary 10, 2020. _bInquirer, |
||
| 300 | _apage B2-1. | ||
| 650 |
_aBusiness. _946725 |
||
| 942 |
_2ddc _cPER |
||